LEADER 00797nam a2200205 i 4500 001 000000203565 003 CaOOAMICUS 005 20110701000000.0 008 110701n it u000 u ita u 013 $a182278 040 $aSeMil$bita 100 1 $aGazzotti, Ezio.$0(OLS)http://semarc/name/66085 245 10$aProgetto catechistico italiano e rinnovamento della parrocchia /$cP. Ezio Gazzotti. 300 $a24 p. 500 $aTitolo dalla copertina. 773 0 $tCorso di aggiornamento teologico 1983-1984.$d[Milano : s.n., 1984]$g5$w()25136 850 $aSeMil 852 $aSeMil$W1$xVenegono$y1$m5B III 17/28$j154059$B154059$CSeMilBibl$Z2$F164952 $81 961 $aOmaggio: Altro 996 $6245$aProgetto catechistico italiano e rinnovamento della parrocchia$9(OLS)http://semarc/title/294864 LEADER 01060nam a2200265 i 4500 001 000000222072 003 CaOOAMICUS 005 20130830000000.0 008 130830s2007 it u000 u fre u 013 $a200969 020 $a978-2-204-08343-0 040 $aSeMil$bita 100 1 $aFroment-Meurice, Henry.$0(OLS)http://semarc/name/77637 245 14$aLes femmes et Jésus /$cHenry Froment-Meurice. 260 $aParis :$bLes Éditions du Cerf,$c2007. 300 $a126 p. ;$c20 cm. 500 $aCon dedica autografa dell'Autore. - Fondo card. C. M. Martini. 650 4$aGesù Cristo - Atteggiamento verso le donne.$0(OLS)http://semarc/subject/41520 850 $aSeMil 852 $aSeMil$W1$xVenegono$y1$m2W I 142$j172418$B172418$CSeMilBibl$Z2$F183373 $81 941 1 $a4 961 $aLascito: Martini Card. Carlo Maria 996 $6020$a978-2-204-08343-0$9(OLS)http://semarc/number/221415 996 $6245$aLes femmes et Jésus$9(OLS)http://semarc/title/318363 996 $6260$aParis :$bLes Éditions du Cerf$9(OLS)http://semarc/publisher/29611